000 00572nam a2200181 i 4500
001 89549
003 ES-MaACL
005 20230906180222.0
007 t|
008 050111s1933 sp ||||1| spa d
100 1 _aLaski, Harold Joseph.
_970444
245 1 0 _aDerecho y política /
_cHarold J. Laski ; traducción de Jesús Navarro de Palencia.
260 _aMadrid :
_b[s.n.,
_c1933] (
_fImp. Helénica)
300 _a297 p. ;
_c20 cm.
650 4 _aDerecho-
_xAspectos políticos.
_9148521
700 1 _aNavarro de Palencia, Jesús.
_985118
852 _aES-MaACL
_jA-3446
999 _c89549
_d89549